000
00303nam a2200109 4500
008
160624b xxu||||| |||| 00| 0 eng d
100
_9
1000
_a
Hockett, C.F
245
_a
A Course in Modern Linguistus
260
_a
N.D
_b
Oxford & IBH.Pub.
_c
1958
300
_a
A Course in Modern Linguistus
942
_2
ddc
_c
BK
999
_c
796
_d
796